000 00638nam a22002051 4500
001 142347
003 ES-MaACL
005 20230906200511.0
007 t|
008 071004s1947 sp ||||0| spa d
016 7 _zIND2000946875
040 _aM-BN
_bspa
_cCDM
080 _a668.5
100 1 _aWinter, Fred.
_9117110
245 1 0 _aTratado general de perfumería y cosmética /
_cFred Winter ; versión de la tercera edición original por Martín Krèamer.
260 _aBarcelona :
_bGustavo Gili,
_c1947.
300 _a1038 p. :
_bil. ;
_c27 cm.
700 1 _aKrèamer, Martin.
_9128497
852 _aES-MaACL
_jD-7099
_bR.32089
999 _c142347
_d142347